000
00202nam a2200085Ia 4500
008
170617s9999 xx 000 0 und d
100
_a
VYAS- S.P.
245
0
_a
ADV. LIBOSOMAL THERAPENTICS
260
_b
NEW DELHI- CBS
260
_c
2012
999
_c
15490
_d
15490